000 00704nam a22002057a 4500
005 20251108172732.0
008 250721s1998 xx 000 0 ara d
082 1 4 _a613.62/عوا
100 1 _aبني عواد، محمد فؤاد خليفة
_eمؤلف
245 1 0 _aالعمل في الأماكن المحصورة :
_bقواعد الممارسات السليمة /
264 1 _aعمان :
_c1998.
300 _a214ص.
650 1 7 _aالصحة العامة
650 1 7 _aالسلامة المهنية
650 1 7 _aتعليمات الصحة والسلامة
650 1 7 _aمنع الحوادث
700 1 _aفركوح، غسان
_eمؤلف مشاركف
942 _2ddc
_cBK
999 _c87185
_d87185